LEADER 02403nam 2200613 a 450 001 9910451634603321 005 20200520144314.0 010 $a1-280-85771-4 010 $a9786610857715 010 $a0-8213-6946-6 035 $a(CKB)1000000000474817 035 $a(EBL)459687 035 $a(OCoLC)507298624 035 $a(SSID)ssj0000088063 035 $a(PQKBManifestationID)11997932 035 $a(PQKBTitleCode)TC0000088063 035 $a(PQKBWorkID)10069872 035 $a(PQKB)11383954 035 $a(MiAaPQ)EBC459687 035 $a(Au-PeEL)EBL459687 035 $a(CaPaEBR)ebr10176225 035 $a(CaONFJC)MIL85771 035 $a(OCoLC)228169235 035 $a(EXLCZ)991000000000474817 100 $a20061212d2007 uf 0 101 0 $aeng 135 $aurcn||||||||| 181 $ctxt 182 $cc 183 $acr 200 00$aLocal budgeting$b[electronic resource] /$fedited by Anwar Shah 210 $aWashington, D.C. $cWorld Bank$dc2007 215 $a1 online resource (410 p.) 225 1 $aPublic sector governance and accountability series 300 $aDescription based upon print version of record. 311 $a0-8213-6945-8 320 $aIncludes bibliographical references and index. 327 $aContents; Foreword; Preface; Acknowledgments; Contributors; Abbreviations and Acronyms; Overview; Part I Fiscal Administration; BOXES; TABLES; Part II Local Budgeting; FIGURES; Index 330 $aThis book provides a comprehensive treatment of all aspects of local budgeting needed to develop sound fiscal administration such as setting priorities, planning, financial control over inputs, management of operations and accountability to citizens. Topics covered include fiscal administration, forecasting, fiscal discipline, fiscal transparency, integrity of revenue administration, budget formats, and processes including performance budgeting, and capital budgeting. 410 0$aPublic sector governance and accountability series. 606 $aLocal budgets 606 $aLocal finance 608 $aElectronic books. 615 0$aLocal budgets. 615 0$aLocal finance. 676 $a352.4/8214 701 $aShah$b Anwar$0125713 801 0$bMiAaPQ 801 1$bMiAaPQ 801 2$bMiAaPQ 906 $aBOOK 912 $a9910451634603321 996 $aLocal budgeting$92112394 997 $aUNINA LEADER 01034nam a2200277 i 4500 001 991000547539707536 005 20020506132045.0 008 000503s1998 it ||| | ita 020 $a887303456X 035 $ab10716178-39ule_inst 035 $aEXGIL147539$9ExL 040 $aDip.to Filol. Ling. e Lett.$bita 100 1 $aPerry, Greg$028161 245 10$aVisual Basic 6 :$bguida completa /$cGreg Perry 260 $aMilano :$bApogeo,$c[1998] 300 $axxi, 777 p. ;$c24 cm. 490 0 $aGuida completa 500 $aTrad. di Deborah Tagliacozzo, Tullio Policastro, Clara Mengolini, rev. di Michele Pacifico 500 $aIn cop.: Sams publishing 740 0 $aSams teach yourself Visual Basic 6 in 21 days 907 $a.b10716178$b23-02-17$c28-06-02 912 $a991000547539707536 945 $aLE008 FL.M. (L.G.) i 23$g1$i2008000011796$lle008$o-$pE0.00$q-$rl$s- $t0$u0$v0$w0$x0$y.i10812738$z28-06-02 996 $aVisual Basic 6$9911782 997 $aUNISALENTO 998 $ale008$b01-01-00$cm$da $e-$fita$git $h0$i1